00462 2200157 4500001002100000008004100021035002000062245006600082100004600148260003200194300002200226020002200248084001400270082000800284990001200292INLIS000000000002814 IND  a0010-0925000161 aKala Cinta MenyapacMitha Juniar & Anisatun Aminah Nurhidayah aMitha Juniar & Anisatun Aminah Nurhidayah aJakartabRumah Oranyec2013 a228c(13 x 19 cm) a978-602-1588-27-7 a813 MIT c a813 a0755036